Economía y recursos naturales : una visión ambiental de Cuba : apuntes para un libro de texto / Roberto Rodríguez Córdova una visión ambiental de Cuba :
ISBN:
84-490-2293-2
Publicado:
Barcelona :
Universitat Autònoma de Barcelona. Servei de Publicacions : Diputació de Barcelona. Gabinet de Relacions Internacionals ,
2002
Descripción Física:
324 p. ; quadres ; 23 cm
Colección:
Manuals. Economía ; 34
MARC
| LEADER | 00000nam a2200000Ia 4500 | ||
|---|---|---|---|
| 001 | 21385 | ||
| 008 | 160829s2002 xx 000 0 cat d | ||
| 020 | |a 84-490-2293-2 | ||
| 080 | |a C-3-194 | ||
| 100 | |a Rodríguez Córdova, Roberto |9 44435 | ||
| 245 | |a Economía y recursos naturales : |b una visión ambiental de Cuba : |b apuntes para un libro de texto / Roberto Rodríguez Córdova | ||
| 260 | |a Barcelona : |b Universitat Autònoma de Barcelona. Servei de Publicacions : |b Diputació de Barcelona. Gabinet de Relacions Internacionals, |c 2002 | ||
| 300 | |a 324 p. ; |c quadres ; |c 23 cm | ||
| 490 | |a Manuals. Economía ; 34 | ||
| 590 | |a Bibliografia | ||
| 650 | |a Medi ambient |x Aspectes econòmics |x Cuba |9 44436 | ||
| 710 | 1 | |a Barcelona (Catalunya : Província). |b Gabinet de Relacions Internacionals |9 13543 | |
| 710 | 1 | |a Universitat Autònoma de Barcelona. |b Servei de Publicacions |9 53586 | |
| 901 | |a Arxiu | ||
| 942 | |n 1 | ||
| 952 | |0 0 |1 0 |4 0 |6 C3194 |7 1 |9 51943 |a Arxiu |b Arxiu |d 2016-12-01 |l 0 |o C-3-194 |p 21385 |r 2016-12-01 00:00:00 |w 2016-12-01 |y ARXIU | ||
| 999 | |c 55790 |d 55790 | ||